Poesías ; (Record no. 187668)
[ view plain ]
| 000 -LEADER | |
|---|---|
| campo de control de longitud fija | 01248nam a2200313 i 4500 |
| 001 - NÚMERO DE CONTROL | |
| campo de control | 187668 |
| 003 - IDENTIFICADOR DE NÚMERO DE CONTROL | |
| campo de control | ES-MaACL |
| 005 - FECHA Y HORA DE LA ÚLTIMA TRANSACCIÓN | |
| campo de control | 20250823063131.0 |
| 008 - DATOS DE LONGITUD FIJA--INFORMACIÓN GENERAL | |
| campo de control de longitud fija | 180112s1923 sp |||| |dspa d |
| 080 ## - NÚMERO DE LA CLASIFICACIÓN DECIMAL UNIVERSAL | |
| Número de la Clasificación Decimal Universal | 821.134.2-14"18" |
| 080 ## - NÚMERO DE LA CLASIFICACIÓN DECIMAL UNIVERSAL | |
| Número de la Clasificación Decimal Universal | 821.134.2-12"18" |
| 100 1# - ENTRADA PRINCIPAL--NOMBRE DE PERSONA | |
| Nombre de persona | Espronceda, José de, |
| Fechas asociadas al nombre | 1808-1842 |
| 9 (RLIN) | 47951 |
| 245 10 - MENCIÓN DEL TÍTULO | |
| Título | Poesías ; |
| Resto del título | y El estudiante de Salamanca / |
| Mención de responsabilidad, etc. | Espronceda ; edición y prólogo de J. Moreno Villa |
| 260 ## - PUBLICACIÓN, DISTRIBUCIÓN, ETC. | |
| Lugar de publicación, distribución, etc. | Madrid : |
| Nombre del editor, distribuidor, etc. | La Lectura, |
| Fecha de publicación, distribución, etc. | 1923 |
| 300 ## - DESCRIPCIÓN FÍSICA | |
| Extensión | 343 páginas ; |
| Dimensiones | 19 cm |
| 490 1# - MENCIÓN DE SERIE | |
| Mención de serie | Clásicos castellanos (La Lectura) ; |
| Designación de volumen o secuencia | 47 |
| RLIN | 226509 |
| 490 1# - MENCIÓN DE SERIE | |
| Mención de serie | Espronceda. |
| Nombre de parte o sección de la obra | Obras poéticas ; |
| Designación de volumen o secuencia | I |
| RLIN | 225598 |
| 655 #7 - TERMINO DE INDIZACIÓN--GENERO/FORMA | |
| Datos o término principal de género/forma | Poesías |
| Fuente del término | tgfbne |
| 9 (RLIN) | 176539 |
| 655 #4 - TERMINO DE INDIZACIÓN--GENERO/FORMA | |
| Datos o término principal de género/forma | Poesías narrativas |
| 9 (RLIN) | 241987 |
| 700 1# - ENTRADA AGREGADA--NOMBRE PERSONAL | |
| Nombre de persona | Espronceda, José de, |
| Fechas asociadas al nombre | 1808-1842. |
| Título de la obra | El estudiante de Salamanca |
| 9 (RLIN) | 241986 |
| 700 1# - ENTRADA AGREGADA--NOMBRE PERSONAL | |
| Nombre de persona | Moreno Villa, José, |
| Fechas asociadas al nombre | 1887-1955 |
| 9 (RLIN) | 83443 |
| Término indicativo de función/relación | Editor literario |
| -- | Autor de introducción |
| 740 32 - ENTRADA AGREGADA--TÍTULO RELACIONADO/ANALÍTICO NO CONTROLADO | |
| Título relacionado o analítico no controlado | El estudiante de Salamanca. |
| 830 #0 - PUNTO DE ACCESO ADICIONAL DE SERIE-TÍTULO UNIFORME | |
| Título uniforme | Clásicos castellanos (La Lectura) ; |
| Designación de volumen o secuencia | 47 |
| 9 (RLIN) | 226509 |
| 830 #0 - PUNTO DE ACCESO ADICIONAL DE SERIE-TÍTULO UNIFORME | |
| Título uniforme | Espronceda. |
| Nombre de parte o sección de la obra | Obras poéticas ; |
| Designación de volumen o secuencia | I |
| 9 (RLIN) | 225598 |
| 852 ## - LOCALIZACIÓN | |
| Ubicación | ES-MaACL |
| Ubicación en estantería | Depósito 2 |
| Donativo/Legado | Donat. herederos de la bibl. de Mª del Pilar Costa Palacín |
| Número de control de estantería | L-31840 |
| 942 ## - ELEMENTOS DE ENTRADA SECUNDARIOS (KOHA) | |
| Fuente del sistema de clasificación o colocación | Clasificación decimal universal |
| Tipo de ítem Koha | Libro impreso |
| Suprimir en OPAC | No |
| Estatus retirado | Estado de pérdida | Estado de daño | No para préstamo | Biblioteca de origen | Biblioteca actual | Ubicación en estantería | Fecha de adquisición | Fuente de adquisición | Total de préstamos | Signatura topográfica completa | Código de barras | Visto por última vez | Precio de reemplazo | Tipo de ítem Koha |
|---|---|---|---|---|---|---|---|---|---|---|---|---|---|---|
| Biblioteca del Ateneo de Madrid | Biblioteca del Ateneo de Madrid | Depósito 2 | 15/01/2018 | L-31840 | 1198250 | 23/02/2023 | 23/02/2023 | Libro impreso |
